000
00232nam a2200097Ia 4500
001
692048
005
20250826161847.0
008
250824s9999 xx 000 0 und d
245
0
_a
PARADOKYA
_c
CEM GÜLBENT
260
_b
TİMAŞ YAYINLARI
999
_c
692048
_d
692048